00482cam a2200169ua 45000010005000000080039000050200018000440400009000620820011000711000032000822450067001142500009001812600041001903000021002316530014002526530046002662114110811n ii |||gr||||Z||||||eng a81-7169-249-4 cMAIN a371.26 aChauhan, C. P. S.,eAuthor.1 aEmerging trends in educational evaluationcby C. P. S. Chauhan a1st. aDelhi:bCommonwealth publishers,993. axi; 182p:c23cm. aEducation aEmerging trends in educational evaluation